000 00300nam a22001337a 4500
008 171208b xxu||||| |||| 00| 0 eng d
020 _a853120455
041 _aeng
080 _a621
100 _a27
101 _aINXH
245 _aMACHINE INTELLIGENCE
_cELCOCK, E.W & MICHIE, D
942 _2udc
_cBK
999 _c38842
_d38842